LEADER 01423nam a2200337 a 4500 001 000000129432 003 CaOOAMICUS 005 20120626160456.0 008 120626s2012 it u000 u ita r 040 $aPUL$bita 041 1 $aita$agrc$hgrc 082 04$a103 100 0 $aAristophanes,$dc. 445-c. 385 a.C.$0(OLS)http://pul/name/1745 240 10$aNubes.$lItaliano e greco.$0(OLS)http://pul/title/163574 245 13$aLe nuvole /$cAristofane ; traduzione e note di Alessandro Grilli ; prefazione di Franco Cordelli. 260 $aMilano :$bR.C.S. Libri,$cİ2012. 300 $aVIII, 157 p. ;$c19 cm 490 1 $aClassici del pensiero libero. Greci e latini ;$v10 500 $aEd. speciale per il Corriere della Sera. 546 $aTesto greco a fronte. 700 1 $aCordelli, Franco.$0(OLS)http://pul/name/78682 700 1 $aGrilli, Alessandro.$0(OLS)http://pul/name/71772 830 0$aClassici del pensiero libero. Greci e latini ;$v10.$0(OLS)http://pul/title/163490 850 $aPUL 852 $aPUL$W1$xDP2 Filosofia 3$y112$m103 COLL 8.10$j149915$qDDC 21$B148442$CPULBib$Z2$F148442 $H119720 $82 900 $aAristofane,$dc. 445-c. 385 a.C.$91745 941 1 $a9 996 $6082$a103$9(OLS)http://pul/classification/621 996 $6245$aLe nuvole$9(OLS)http://pul/title/41030 996 $6260$aMilano :$bR.C.S. Libri$9(OLS)http://pul/publisher/74600 LEADER 01244nam a2200301 u 4500 001 000000052449 003 CaOOAMICUS 005 20070226115442.0 008 001018s1954 it u000 u ita u 035 $a10858515 040 $aPUL(R)$bita 041 1 $aita$blat 100 0 $aIgnatius Loyola,$cs.,$d1491-1556.$0(OLS)http://pul/name/15097 245 14$aGli esercizi spirituali /$cSant'Ignazio di Loiola ; traduzione e commento del P. Luigi Ambruzzi. 260 $aFirenze :$bCasa Editrice Adriano Salani,$c1954. 300 $alii, 351 p. ;$c18 cm 490 1 $aI libri della fede 500 $aInclude indici. 650 4$aEsercizi spirituali.$0(OLS)http://pul/subject/14297 700 1 $aAmbruzzi, Luigi,$cS.I.$0(OLS)http://pul/name/37467 830 2$aI libri della fede.$0(OLS)http://pul/title/1114 850 $aPUL 852 $aPUL$W1$xDP1 Fondo Ciprotti$y59$m1545 G 19$j69355$nBK-PRI$b $qFondi$B69355$CPULBib$Z2$F69355 $H $81 900 $aIgnazio di Loyola,$cs.,$d1491-1556$915097 941 1 $a1 961 $aINV: Fondo Ciprotti 996 $6245$aGli esercizi spirituali$9(OLS)http://pul/title/70357 996 $6260$aFirenze :$bCasa Editrice Adriano Salani$9(OLS)http://pul/publisher/68297